NEHRUVIANDOOM Tracklist (Nehruviandoom, MF DOOM, Bishop Nehru) - Statistics

General Stats
  • This quiz has been taken 4 times
  • The average score is 3 of 9
Answer Stats
Hint Answer % Correct
2 Om
75%
1 Intro
50%
3 Means The Most
50%
7 Caskets
25%
5 Coming For You
25%
6 Darkness
25%
8 Great Things
25%
9 Disastrous
0%
4 So Alone
0%
No matching quizzes found
Score Distribution
Percent of People with Each Score
Percentile by Number Answered
Your Score History
You have not taken this quiz